000 00822nam a2200253 a 4500
001 000004552
005 20200929151447.0
008 830714s1948 sp 001 f spa
040 _aDO-SdBNP
_bspa
_cBNPHU
041 1 7 _aspa
_heng
082 _a843.54
_bM449e, 1948
100 1 _aMaugham, W. Somerset
_q(William Somerset),
_d1874-1965.
_95255
240 1 4 _aThe trembling of a leaf.
_lEspañol
245 1 0 _aEn los mares del sur /
_cW. Somerset Maugham; traductor, J. Romero de Tejada.
250 _a5a ed.
260 _aBarcelona :
_bLara,
_c1948.
300 _a207 p. ;
_c19 cm.
490 1 _aHorizonte
534 _aTítulo original:
_tThe trembling of a leaf.
650 4 _aNovela francesa
_91075
650 4 _aLiteratura francesa
_91074
700 1 _aTejada, J. Romero de,
_etr.
_911151
830 0 _aHorizonte
_911053
999 _c4360
_d4360